Theological dictionary of the Old Testament / (Record no. 1317)

MARC details
000 -LEADER
fixed length control field 01814cam a2200349 a 4500
001 - CONTROL NUMBER
control field 3615021
003 - CONTROL NUMBER IDENTIFIER
control field GBCCL
005 - DATE AND TIME OF LATEST TRANSACTION
control field 20241126110358.0
008 - FIXED-LENGTH DATA ELEMENTS--GENERAL INFORMATION
fixed length control field 730820m19749999miu bd 000 0 eng
010 ## -
-- 73076170
-- 77154505
020 ## - INTERNATIONAL STANDARD BOOK NUMBER
International Standard Book Number 0802823386 (set)
040 ## - CATALOGING SOURCE
Original cataloging agency DLC
Transcribing agency DLC
Modifying agency DLC
041 1# -
-- eng
-- ger
050 00 -
-- BS440
-- .B5713
082 00 - DEWEY DECIMAL CLASSIFICATION NUMBER
Classification number 221.3
Item number THE
240 10 -
-- Theologisches Wörterbuch zum Alten Testament.
-- English
245 10 - TITLE STATEMENT
Title Theological dictionary of the Old Testament /
Statement of responsibility, etc. edited by G. Johannes Botterweck and Helmer Ringgren ; translated by John T. Willis.
260 ## - PUBLICATION, DISTRIBUTION, ETC.
Place of publication, distribution, etc. Grand Rapids, Mich. :
Name of publisher, distributor, etc. Eerdmans,
Date of publication, distribution, etc. 1974-<c2006>
300 ## - PHYSICAL DESCRIPTION
Extent v. <1-15> ;
Dimensions 25 cm.
500 ## - GENERAL NOTE
General note Translation of Theologisches Wörterbuch zum Alten Testament.
500 ## - GENERAL NOTE
General note Vols. 12-<13> edited by G. Johannes Botterweck, Helmer Ringgren and Heinz-Josef Fabry.
500 ## - GENERAL NOTE
General note Vols. 4-7, 9, 11, 13, 15 translated by David E. Green; v. 8, 10, 12, 14 translated by Douglas W. Stott.
500 ## - GENERAL NOTE
General note Includes rev. ed. of v. 1-2.
504 ## - BIBLIOGRAPHY, ETC. NOTE
Bibliography, etc. note Includes bibliographical references.
630 00 - SUBJECT ADDED ENTRY--UNIFORM TITLE
Uniform title Bible.
Name of part/section of a work Old Testament
Form subdivision Dictionaries
General subdivision Hebrew.
9 (RLIN) 2572
650 #0 - SUBJECT ADDED ENTRY--TOPICAL TERM
Topical term or geographic name entry element Hebrew language
Form subdivision Dictionaries
General subdivision English.
9 (RLIN) 2573
700 1# - ADDED ENTRY--PERSONAL NAME
Personal name Ringgren, Helmer,
Dates associated with a name 1917-2012,
Relator term joint author.
9 (RLIN) 2574
906 ## - LOCAL DATA ELEMENT F, LDF (RLIN)
a 7
b cbc
c orignew
d 1
e opcn
f 19
g y-gencatlg
942 ## - ADDED ENTRY ELEMENTS (KOHA)
Source of classification or shelving scheme Dewey Decimal Classification
Koha item type Reference Books
Holdings
Withdrawn status Lost status Source of classification or shelving scheme Damaged status Not for loan Home library Current Library Shelving location Date acquired Total checkouts Full call number Barcode Date last seen Copy number Price effective from Koha item type
    Dewey Decimal Classification     GRACE BIBLE COLLEGE GRACE BIBLE COLLEGE Dictionary 2017-04-25   221.3 THE 006905 2025-05-01 v.1 2017-04-25 Reference Books
    Dewey Decimal Classification     GRACE BIBLE COLLEGE GRACE BIBLE COLLEGE Dictionary 2017-04-25   221.3 THE 006906 2025-05-01 v.2 2017-04-25 Reference Books
    Dewey Decimal Classification     GRACE BIBLE COLLEGE GRACE BIBLE COLLEGE Dictionary 2017-04-25   221.3 THE 006907 2025-05-01 v.3 2017-04-25 Reference Books
    Dewey Decimal Classification     GRACE BIBLE COLLEGE GRACE BIBLE COLLEGE Dictionary 2017-04-25   221.3 THE 006908 2025-05-01 v.4 2017-04-25 Reference Books
© Grace Bible College Library 2025